| 000 | 00754nam a2200229 a 4500 | ||
|---|---|---|---|
| 005 | 20210223132554.0 | ||
| 008 | 150305s2013 mx r 000 0 spa d | ||
| 020 | _a9786071716880 | ||
| 035 | _aUPN01000202284 | ||
| 049 | _aCG | ||
| 050 | 4 |
_aBF431 _bF5.4 |
|
| 100 | 1 |
_aFletcher, Richard B. _936842 |
|
| 245 | 1 | 3 |
_aLa inteligencia y pruebas para medirla / _cRichard B. Fletcher, John Hattie ; tr. Jorge Mendoza Sierra. |
| 260 |
_aMéxico : _bTrillas, _c2013. |
||
| 300 |
_a157 p. : _bil., tablas |
||
| 534 |
_pTítulo original: _tIntelligence and intelligence testing |
||
| 650 | 4 |
_aNIVELES DE INTELIGENCIA _914797 |
|
| 650 | 4 |
_aINTELIGENCIA - _xPRUEBAS _96228 |
|
| 700 | 1 |
_aHattie, John, _d1950- _ecoaut. _940856 |
|
| 905 | _aLibro | ||
| 999 |
_c174385 _d174385 |
||